书目信息 |
| 题名: |
AutoCAD 2000从入门到精通
|
|
| 作者: | 周建龙 主编 | |
| 分册: | ||
| 出版信息: | 重庆 重庆大学出版社 1999.09 |
|
| 页数: | 424页 | |
| 开本: | 16开 | |
| 丛书名: | ||
| 单 册: | ||
| 中图分类: | TP391.72 | |
| 科图分类: | ||
| 主题词: | 计算机应用 | |
| 电子资源: | ||
| ISBN: | 7-5624-2061-0 | |
| 000 | 00590nam0 2200193 45 | |
| 001 | 0103171605 | |
| 005 | 20010317161828.5 | |
| 010 | @a7-5624-2061-0@d38.00元 | |
| 100 | @a20010317d1999 km y0chiy0120 ea | |
| 101 | 0 | @achi |
| 105 | @a z 000yy | |
| 200 | 1 | @aAutoCAD 2000从入门到精通@AAutoCAD 2000 Cong Ru Men Dao Jing Tong@AAutoCAD@f周建龙主编@FZhou Jian Long Zhu Bian |
| 210 | @a重庆@c重庆大学出版社@d1999.09 | |
| 215 | @a424页@d16开 | |
| 606 | 0 | @a计算机应用 |
| 690 | @aTP391.72@v3 | |
| 701 | 0 | @a周建龙@4主编 |
| 801 | @aCN@bPftUser@c20010317 | |
| 905 | @b329996-998@dTP391.72@eZH477@f3 | |
| AutoCAD 2000从入门到精通/周建龙主编.-重庆:重庆大学出版社,1999.09 |
| 424页;16开 |
| ISBN 7-5624-2061-0:38.00元 |
| ● |
| 相关链接 |
|
|
|
正题名:AutoCAD 2000从入门到精通
索取号:TP391.72/ZH477
 
预约/预借
| 序号 | 登录号 | 条形码 | 馆藏地/架位号 | 状态 | 备注 |
| 1 | 329996 | 203299965 | 自科二线404/404自科库 16排3列4层/ [索取号:TP391.72/ZH477] | 在馆 | |
| 2 | 329997 | 203299974 | 期刊室512/301自科库 106排1列2层/ [索取号:TP391.72/ZH477] | 在馆 | |
| 3 | 329998 | 203299983 | 期刊室512/301自科库 106排1列2层/ [索取号:TP391.72/ZH477] | 在馆 |